Energy efficiency (Record no. 79679)

MARC details
000 -LEADER
fixed length control field 01067cab a22002055a 4500
001 - CONTROL NUMBER
control field L141970
008 - FIXED-LENGTH DATA ELEMENTS--GENERAL INFORMATION
fixed length control field 080117s2007 xxkad f 000 0 eng d
035 ## - SYSTEM CONTROL NUMBER
System control number (Sirsi) u141970
041 0# - LANGUAGE CODE
Language code of text/sound track or separate title eng
100 1# - MAIN ENTRY--PERSONAL NAME
Personal name Dixon, Tim
245 00 - TITLE STATEMENT
Title Energy efficiency
Remainder of title bright future for professionals
260 ## - PUBLICATION, DISTRIBUTION, ETC.
Date of publication, distribution, etc. 2007
490 #0 - SERIES STATEMENT
Series statement Property Forecast
Volume/sequential designation 10(11) November 2007, 9-11(3)
520 ## - SUMMARY, ETC.
Summary, etc. Suggests that built environment property professionals have a key role to play in the sustainability agenda, including the energy efficiency of buildings. Considers the role played by property professionals and the problems they face implementing energy efficiency measures in both residential and commercial property. Considers the likely impact of the Energy Performance of Buildings Directive and the possible implications for property investors.
590 ## - LOCAL NOTE (RLIN)
Local note KA
651 #4 - SUBJECT ADDED ENTRY--GEOGRAPHIC NAME
Geographic name International
690 ## - LOCAL SUBJECT ADDED ENTRY--TOPICAL TERM (OCLC, RLIN)
Topical term or geographic name as entry element ENVIRONMENTAL AND LAND CONSULTANCY-ENERGY-ENERGY USE-ENERGY EFFICIENCY
690 ## - LOCAL SUBJECT ADDED ENTRY--TOPICAL TERM (OCLC, RLIN)
Topical term or geographic name as entry element ENVIRONMENTAL LAND CONSULTANCY-SUSTAINABLE DEVELOPMENT-SUSTAINABILITY
942 ## - ADDED ENTRY ELEMENTS (KOHA)
Suppress in OPAC 0
Holdings
Withdrawn status Lost status Source of classification or shelving scheme Damaged status Not for loan Home library Current library Shelving location Date acquired Total Checkouts Full call number Barcode Date last seen Copy number Price effective from Koha item type
    Dewey Decimal Classification     London London Journal article 17/01/2008   L141970 141970-1001 06/08/2019 1 06/08/2019 Journal article